El tiempo sensible: Proust y la experiencia literaria
Uloženo v:
| Hlavní autor: | |
|---|---|
| Médium: | Kniha |
| Jazyk: | španělština |
| Vydáno: |
Buenos Aires
Eudeba
2005
|
| Vydání: | 1a. ed |
| Edice: | Pensamiento Contemporáneo
|
| Témata: | |
| Tagy: |
Přidat tag
Žádné tagy, Buďte první, kdo vytvoří štítek k tomuto záznamu!
|
MARC
| LEADER | 00000nam a2200000 a 4500 | ||
|---|---|---|---|
| 001 | UCK9471 | ||
| 003 | CL-VaPUC | ||
| 008 | 060512e20050000AG |||||||||||||||||spa|d | ||
| 020 | |a 9502313917 | ||
| 082 | 0 | 4 | |a 844 |b KRI |2 21 |
| 100 | |a Kristeva, Julia |e author |9 589169 | ||
| 245 | 1 | 3 | |a El tiempo sensible: Proust y la experiencia literaria |
| 250 | |a 1a. ed | ||
| 300 | |a 458 p | ||
| 942 | |c BK | ||
| 945 | |d 20060512 00:00:00 |a jtorresc | ||
| 260 | |a Buenos Aires |b Eudeba |c 2005 | ||
| 650 | 7 | |a ENSAYO FRANCES |2 CL-VaPUC |9 499315 | |
| 650 | 7 | |a ESCRITORES FRANCECES |2 CL-VaPUC |9 499316 | |
| 583 | |a last modification |c 20060512 00:00:00 |k Rodrigo Vera | ||
| 490 | 0 | |a Pensamiento Contemporáneo | |
| 999 | |c 316672 |d 316670 | ||
| 952 | |0 0 |1 0 |4 0 |6 844_000000000000000_KRI_2005 |7 0 |8 ? |9 391317 |a BIBEDU |b BIBEDU |d 2019-11-22 |i 4228782 |o 844 KRI 2005 |p 4228782 |r 2019-11-22 |w 2019-11-22 |y BK |k LIT | ||